| 000 | 01098nam1a22002651i 4500 | ||
|---|---|---|---|
| 001 | rc\2178285 | ||
| 005 | 20240723190532.0 | ||
| 035 | _a(NLR Aleph) 006482686 | ||
| 090 |
_a6050130 _c6050130 |
||
| 100 | _a20110829d1979 |||y0rusy50 ca | ||
| 101 | 0 | _arus | |
| 102 | _aRU | ||
| 105 | _a z ||||| | ||
| 200 | 1 |
_aИнженерная графика _eТексты лекций с применением ТСО для радиотехн. и электрон. спец. по программе 119 часов _fВ.В. Скурко, В.Ю. Гракович, Г.С. Киркевич, Г.Л. Шимкович |
|
| 210 |
_aМинск _cМРТИ _d1979 |
||
| 215 | _d20 | ||
| 300 | _aВ надзаг.: М-во высш. и сред. спец. образования БССР, Мин. радиотехн. ин-т | ||
| 701 | 1 |
_aГракович _bВ.Ю. |
|
| 701 | 1 |
_aКиркевич _bГ.С. |
|
| 701 | 1 |
_aСкурко _bВ.В. _gВиталий Васильевич |
|
| 701 | 1 |
_aШимкович _bГ.Л. |
|
| 801 | 0 |
_aRU _bNLR _gpsbo |
|
| 801 | 1 |
_aRU _bELAR _2rusmarc |
|
| 852 |
_aNLR _j81-4/9524 |
||
| 942 | _cBOOK | ||